00342nam a2200133Ia 4500001000400000008004100004020002000045082002000065100003300085245002300118260002400141901002800165999001500193686241024s9999 xx 000 0 und d a978-9945-8729-1 aRD/863.44/A445r aArmando Almanzar Rodríguez 0aRe-Armando cuentos bEd. Ferilibroc2010 a26/11/2010 2:48:21 p.m. c7840d7840